000 00646nam a2200193 a 4500
005 20210223122959.0
008 991125s1968 fr 000 0 fre u
035 _aUPN01000045058
049 _aCG
050 4 _aLC65
_bV3.6
100 1 _aVaizey, John
245 1 3 _aLa planification de l'énseignement :
_bévaluation des couts /
_cJ. Vaizey, J. D. Chesswas.
260 _aParís :
_bUNESCO, Institut International de Planification de l'Education,
_c1968.
300 _a65 p. :
_bil.
440 0 _aPrincipes de la planification de l'education ;
_v6
650 4 _aCOSTOS EDUCATIVOS
_911419
700 1 _aChesswas, J. D.,
_ecoaut.
905 _aLibro
999 _c45058
_d45058